000 00926ntm a22003257a 4500
005 20260513132230.0
008 170303b2016 xxu||||| |||| 00| 0 spa d
020 _a9788496743878
041 _aESP
082 _a651.3 P228ma2
100 _aParera Pascual, Cristina
_940862
245 _aManual de perfeccionamiento para secretarias
250 _a2 edición
260 _aEspaña
260 _bFundación Confemetal
260 _c2016
300 _a268 páginas
490 _aSecretariado Ejecutivo
650 _aMANTENIMIENTO DE LA OFICINA
650 _aSECRETARIA EJECUTIVA
650 _aSERVICIO AL CLIENTE
650 _aCOMUNICACIÓN TELEFÓNICA
650 _aESTRATEGIAS PARA LA ATENCIÓN TELEFÓNICA
650 _aORGANIZACIÓN DEL TRABAJO
650 _aPLANIFICACIÓN DEL TIEMPO
650 _aTÉCNICAS DE ARCHIVO
650 _aRELACIONES PÚBLICAS
650 _aARCHIVO
942 _cBK
_2ddc
999 _c8939
_d8939